000 00520nam a2200205Ia 4500
003 OSt
005 20230526162036.0
008 210423s2001 xx 000 0 und d
040 _cAL
041 _aeng
082 _a658
_223
_bROBF
100 _aROBBINS (Stephen P);DECENZO (David A)
_975922
245 _aFundamentals of management
250 _a5
260 _bPearson Education Pvt Ltd
_c2001
365 _b250
_cINR
650 _aManagement
_975923
906 _aFundamentals ; management
942 _2ddc
_cBK
999 _c173439
_d173439